000 00352nam a2200145Ia 4500
005 20251222141853.0
008 251222s9999||||xx |||||||||||||| ||spa||
020 _a9789972573583
082 _a337.805.1/R28
100 _aRay, Rebecca
245 0 _aChina en América Latina:
250 _a1ra.ed.
264 _bUniversidad del Pacífico
942 _cLIB
999 _c7789
_d7789